Statistiques concernant Coupe du monde de rugby 2015

Cliquez ici pour prendre le quiz!

Statistiques générales

  • Ce quiz a été pris 70 fois
  • Le résultat moyen est 18 sur 20

Statistiques - réponses

Answer % Correct
Nouvelle-Zélande
98%
Australie
98%
France
98%
Angleterre
98%
Ecosse
97%
Irlande
97%
Pays de Galles
97%
Etats-Unis
95%
Japon
93%
Afrique du Sud
93%
Canada
92%
Argentine
92%
Italie
90%
Fidji
87%
Tonga
85%
Samoa
84%
Roumanie
80%
Namibie
79%
Géorgie
72%
Uruguay
59%

Distribution des résultats

Percentile by Number Answered

% des personnes avec chaque résultat

Votre développement - résultats

Vous n’avez pas pris ce quiz